Oktatástechnológiai továbbképzés

Elmentve itt :
Bibliográfiai részletek
Szerző: Mártonfi György
Dokumentumtípus: Cikk
Megjelent: 1992
Sorozat:Iskolakultúra 2 No. 8
Kulcsszavak:Oktatástechnológia - könyvismertetés
Online Access:http://misc.bibl.u-szeged.hu/43227
LEADER 00615nab a2200181 i 4500
001 misc43227
005 20191106141319.0
008 180821s1992 hu o 0|| zxx d
022 |a 1215-5233 
040 |a SZTE Miscellanea Repozitórium  |b hun 
041 |a zxx 
100 1 |a Mártonfi György 
245 1 0 |a Oktatástechnológiai továbbképzés  |h [elektronikus dokumentum] /  |c  Mártonfi György 
260 |c 1992 
300 |a 76-79 
490 0 |a Iskolakultúra  |v 2 No. 8 
695 |a Oktatástechnológia - könyvismertetés 
856 4 0 |u http://misc.bibl.u-szeged.hu/43227/1/iskolakultura_1992_008_076-079.pdf  |z Dokumentum-elérés